ARRUPE JESUIT UNIVERSITY

CORONAVIRUS -STOP THE SPREAD - CLEAN,DISINFECT,COVER

The Rhodesian press (Record no. 124134)

MARC details
000 -LEADER
fixed length control field 00552nam a22001457a 4500
008 - FIXED-LENGTH DATA ELEMENTS--GENERAL INFORMATION
fixed length control field 160210b xxu||||| |||| 00| 0 eng d
050 ## - LIBRARY OF CONGRESS CALL NUMBER
Classification number PN5499.R6 G3
100 ## - MAIN ENTRY--PERSONAL NAME
Personal name Gale, William Daniel
9 (RLIN) 22052
245 ## - TITLE STATEMENT
Title The Rhodesian press
Remainder of title The history of the Rhodesian printing and publishing company LTD.
Statement of responsibility, etc William Daniel Gale
260 ## - PUBLICATION, DISTRIBUTION, ETC. (IMPRINT)
Place of publication, distribution, etc Salisbury
Name of publisher, distributor, etc The Rhodesian printing and publishing co. ltd.
Date of publication, distribution, etc 1962
300 ## - PHYSICAL DESCRIPTION
Extent 225p. ;
Dimensions 22cm.
650 ## - SUBJECT ADDED ENTRY--TOPICAL TERM
Topical term or geographic name as entry element Rhodesian printing and publishing company
9 (RLIN) 22189
650 ## - SUBJECT ADDED ENTRY--TOPICAL TERM
Topical term or geographic name as entry element Press
Geographic subdivision Zimbabwe
9 (RLIN) 3829
942 ## - ADDED ENTRY ELEMENTS (KOHA)
Source of classification or shelving scheme Library of Congress Classification
Item type Monograph ( Printed materials)
Holdings
Withdrawn status Lost status Source of classification or shelving scheme Damaged status Not for loan Collection code Home library Current library Shelving location Date acquired Total Checkouts Full call number Barcode Date last seen Price effective from Koha item type
    Library of Congress Classification     Main Collection ARRUPE LIBRARY ARRUPE LIBRARY Main Collection 10/02/2016   PN5499.R6 G3 46500006208 27/03/2019 10/02/2016 Monograph ( Printed materials)

 

Arrupe Library. PO Box MP320 Mt Pleasant, Harare, Zimbabwe
263 242 745411|librarian@aju.ac.zw